00928 2200349 4500001002100000005001500021035002000036007000300056040001700059100003600076245006500112250001200177300003600189020001800225041000800243082000800251084001400259090001800273264003800291336002100329337003000350338002300380850001000403008004100413650001100454504002900465990001700494990001300511990002000524990001700544990001700561INLIS00000000000578720260426121732 a0010-0322000031ta aSBPUPADbInd0 aSolichin Abdul WahabePengarang1 aPengantar Analisis Kebijakan Negara /cSolichin Abdul Wahab a.-Cet.1 aix, 179 hal. :bIllus. ;c21 cm a979-518-092-40 aInd a321 a321 ROC p a342 BAS d 9-8 a.--Jakarta :bRineka Cipta,c1990 2rdacontentaTeks 2rdamediaaTanpa Perantara 2rdacarrieraVolume aPUPAD260426 0  4aNegara abibliografi, 171-179 hlm a14119/H/2010 a14094/BR a0245/ARPUS/2006 a14119/H/2010 a14094/H/2010